Statistics for Countries Guessed Less often than their Neighbours

Click here to take the quiz!

General Stats

  • This quiz has been taken 94 times
  • The average score is 40 of 55

Answers on the Map

Answers color-coded by a green-red scale on the quiz's map according to % correct below.
 

Answer Stats

zzCountry% Correct
Paraguay
92%
Uruguay
87%
Suriname
85%
Canada
83%
Ecuador
82%
Kosovo
82%
Liechtenstein
82%
Luxembourg
82%
Ireland
81%
San Marino
81%
Brunei
79%
Lesotho
79%
Slovenia
79%
Andorra
78%
Burundi
78%
Kyrgyzstan
78%
Vatican City
78%
Belize
77%
Bhutan
77%
Gambia
77%
Portugal
77%
Malawi
76%
Moldova
76%
Burkina Faso
74%
Dominican Republic
74%
Nepal
74%
Oman
74%
Djibouti
73%
Equatorial Guinea
73%
Finland
73%
Azerbaijan
72%
Tunisia
72%
Denmark
71%
El Salvador
71%
Mongolia
71%
North Korea
71%
Slovakia
71%
Swaziland
71%
Guinea-Bissau
69%
Central African Republic
68%
Monaco
68%
Papua New Guinea
68%
Belarus
67%
Qatar
67%
Turkmenistan
67%
East Timor
65%
Kuwait
65%
Mauritania
64%
Sierra Leone
64%
Nicaragua
62%
Lebanon
58%
Bangladesh
56%
Jordan
55%
Namibia
55%
Sri Lanka
42%

Score Distribution

Percentile by Number Answered

Percent of People with Each Score

Your Score History

You have not taken this quiz